000 00582nam a2200145Ia 4500
008 150609s9999 xx 000 0 und d
050 _aBF 698
_b.P185 2015
100 _aPamintuan, Abigail E.J.
245 _aLevel of self esteem and personality type of selected first born students in southville international school and colleges /
_cAbigail E.J. Pamintuan.
260 _aLas PiƱas, Philippines :
_bSISC,
_c2015.
300 _a58 pages :
_billustrations ;
_c28 cm.
500 _aIncludes bibliographical references and appendices.
650 _aPersonality
650 _aSelf-esteem
999 _c285081
_d285081